Problems in linear algebra

Gespeichert in:
Bibliographische Detailangaben
1. Verfasser: Proskuryakov, I.V (Verfasst von)
Format: Buch
Sprache:Englisch
Veröffentlicht: Moskva : Mir, 1985
Ausgabe:2.vyd.
Tags: Tag hinzufügen
Keine Tags, Fügen Sie das erste Tag hinzu!

MARC

LEADER 00000nam a22000003a 4500
001 stu85010
005 20150617225631.7
008 040322s1985------------------------eng-d
040 |a STU  |b slo 
041 0 |a eng 
080 |a 512.64 
100 1 |a Proskuryakov, I.V.  |4 aut 
245 1 |a Problems in linear algebra 
250 |a 2.vyd. 
260 |a Moskva :  |b Mir,  |c 1985 
300 |a 453 s 
996 |b E61056  |c E*61056  |l EE03  |s P  |a 0  |w stu85010_0001